[Event "Polar Capital Jersey Festival"]
[Site "St. Helier"]
[Date "2017.04.02"]
[Round "2"]
[White "Waddington, Mike P"]
[Black "Merry, Alan B"]
[Result "0-1"]
[WhiteElo "2061"]
[BlackElo "2412"]
[Annotator "TA"]
[PlyCount "68"]
[EventDate "2017.??.??"]
[EventCountry "JCI"]
[SourceTitle "playchess.com"]
[Source "ChessBase"]
[SourceQuality "1"]

{[%evp 13,68,4,6,0,1,6,7,-40,-42,-70,-42,-43,-51,-91,-60,-96,-21,-121,-120,-101,-104,-250,-146,-264,-262,-285,-272,-300,-307,-310,-294,-312,-293,-298,-281,-314,-317,-435,-416,-467,-457,-467,-457,-491,-488,-462,-456,-887,-854,-945,-953,-1167,-909,-1583,-1545,-2141,-1514]} 1. c4 g6 2. Nc3 Bg7 3. g3 d6 4. Bg2 Nf6 5. d3 O-O 6. Rb1 e5 7. b4 {A24: English Opening vs King's Indian: Lines without ...Nc6} c6 {LiveBook: 3 Games} (7... a6 8. Nf3 c6 9. O-O Nbd7 10. Nd2 Nb6 11. c5 Nbd5 12. Nxd5 Nxd5 13. Ne4 a5 {0-1 (45) Ten Hertog,H (2356)-Krasenkow,M (2628) Vlissingen 2014}) 8. Nf3 d5 9. Nd2 $146 {The position is equal.} (9. Qb3 e4 10. dxe4 d4 11. Nd1 Nxe4 12. O-O Re8 13. e3 c5 14. exd4 cxd4 {0-1 (33) Namay Caceres,S (2205)-Asensio Linan,T (2195) Mataro 1996}) 9... Be6 10. cxd5 cxd5 11. Nb3 Nbd7 12. O-O Rc8 13. Bb2 Qe7 14. a3 b6 ({Black should play} 14... d4 $17 15. Ne4 Nxe4 16. dxe4 f6) 15. Nd2 {[#]} (15. e3 $11 {remains equal.}) 15... d4 $1 $17 {[%cal Rd4c3]} 16. Nce4 Nd5 $36 {[%cal Bf6d5,Bd5c3,Bc3b1][%mdl 2080] Hoping for ...f5. White is under strong pressure.} 17. Nc4 {[#]} (17. Nf3 $17) 17... f5 (17... b5 $1 $19 {[%cal Rb5c4]} 18. Ncd6 Rb8) 18. Ned2 (18. Ned6 $17 Rc6 19. Qa4 (19. Nb5 $2 a6 20. Nxe5 Bxe5 $19) 19... Rxd6 20. Nxd6 Qxd6 21. Rbc1) 18... b5 $19 19. Na5 Nc3 20. Qe1 Nxb1 21. Qxb1 Nb6 22. Ndb3 Na4 23. Bc1 Rc7 24. e3 dxe3 ({Don't do} 24... Nc3 25. Qc2) 25. fxe3 Rfc8 26. d4 exd4 {Black is clearly winning.} 27. Nxd4 Bf7 28. Bd2 Bxd4 29. exd4 Rc2 30. Re1 (30. Qe1 $142 Qxe1 31. Bxe1) 30... Qd7 31. Be3 Rb2 32. Qd1 Rcc2 33. Bf3 f4 34. Bxf4 Qh3 0-1

[Event "Polar Capital Jersey Festival"]
[Site "St. Helier"]
[Date "2017.04.02"]
[Round "2"]
[White "Mooney, Graham"]
[Black "Haddock, Paul"]
[Result "1-0"]
[WhiteElo "1875"]
[BlackElo "1638"]
[Annotator "NA RC"]
[PlyCount "93"]
[EventDate "2017.??.??"]
[EventCountry "JCI"]
[SourceTitle "playchess.com"]
[Source "ChessBase"]
[SourceQuality "1"]
[TimeControl "5400+30"]

1. e4 d6 2. d4 Nf6 3. Nc3 g6 4. Be3 Bg7 5. f3 O-O 6. Qd2 c6 7. O-O-O {LiveBook: 52 Games} Qa5 8. Kb1 {B07: Pirc Defence: Miscellaneous Systems} b5 9. Nd5 Qxd2 10. Nxe7+ Kh8 11. Rxd2 Bb7 {[#]} 12. d5 $1 cxd5 13. Nxd5 $146 Nxd5 14. exd5 Re8 15. Bf2 a6 16. c4 (16. Nh3 {1-0 (50) Adhiban,B (2481)-Kamps,J (2041) Leiden 2009}) 16... bxc4 17. Bxc4 Nd7 18. Nh3 Ne5 19. Bb3 Bh6 20. Rdd1 a5 21. Ba4 Rec8 22. Bd4 f6 23. f4 Bxd5 24. fxe5 Be4+ 25. Ka1 dxe5 26. Bc3 Bxg2 27. Bd7 Bxh3 28. Bxh3 Re8 29. Bg2 Ra7 30. Rd5 a4 31. Rhd1 Rae7 32. a3 Bg5 33. Bb4 Re6 $2 (33... Rg7 34. Bf1 Ra8) 34. Rd8 e4 35. Bh3 f5 36. Bc3+ Kg8 37. Bf1 Kf8 38. R8d7 e3 $2 (38... Be7 39. Ra7 Rb8) 39. Bg7+ Kg8 40. Bc4 R8e7 41. Bc3 Kf7 (41... Kf8 $142 42. Bb4 Re5) 42. R7d6 f4 43. Rxe6 Rxe6 44. Rd6 f3 45. Rxe6 Kf8 46. Bd4 e2 47. Bxe2 $18 1-0

[Event "Polar Capital Jersey Festival"]
[Site "St. Helier"]
[Date "2017.04.03"]
[Round "3"]
[White "Merry, Alan B"]
[Black "Thalwitzer, David"]
[Result "1-0"]
[WhiteElo "2412"]
[BlackElo "2114"]
[Annotator "TA"]
[PlyCount "119"]
[EventDate "2017.??.??"]
[EventCountry "JCI"]
[SourceTitle "playchess.com"]
[Source "ChessBase"]
[SourceQuality "1"]

{[%evp 20,119,22,26,39,36,33,28,34,33,41,40,43,40,58,50,70,49,64,16,18,0,51,0,45,27,17,10,12,0,0,0,84,93,76,81,97,52,66,58,39,10,12,12,16,14,13,12,12,18,26,31,43,16,9,6,75,47,78,8,14,19,19,1,33,0,63,45,93,102,112,98,85,48,326,326,324,312,366,330,348,327,320,314,312,243,243,229,223,199,615,613,716,561,850,650,5289,4971,643,2480,1397,1307]} 1. e4 c5 2. Nf3 d6 3. Bb5+ Bd7 4. Bxd7+ Nxd7 5. c4 g6 6. d4 cxd4 7. Nxd4 Bg7 8. O-O Ngf6 9. Nc3 O-O 10. Be3 a6 {B52: Sicilian: Moscow Variation with 3...Bd7} 11. Rc1 {LiveBook: 3 Games} Ne5 $146 (11... Rc8 12. b3 Qa5 13. Bd2 Rfe8 14. Re1 Qh5 15. Nf3 b5 16. cxb5 axb5 17. Qe2 b4 18. Na4 Rxc1 19. Rxc1 Rb8 20. Rc4 {0-1 (37) David,A (2585)-Zhigalko,A (2585) Padova 2015}) 12. Qe2 Rc8 {White is slightly better.} 13. b3 Qa5 14. f3 Rfe8 15. Rfd1 e6 16. Qd2 Rcd8 17. h3 Nc6 18. Qf2 {aiming for Nxc6.} Nd7 {[%cal Bf6d7,Bd7c5,Bc5d3][%mdl 32]} 19. Nde2 Nc5 20. Nd4 Ne5 (20... Nd7 $1 $11) 21. Rc2 ({White should try} 21. Qd2 $14) 21... Ncd3 22. Qe2 Nb4 23. Rcd2 d5 24. cxd5 exd5 25. f4 Nec6 (25... Ned3 $11 {remains equal.} 26. Rxd3 Nxd3 27. Qxd3 dxe4 28. Nxe4 Qb4) 26. e5 $16 Nxd4 27. Bxd4 ({Don't play} 27. Rxd4 $6 f6 28. Nxd5 Nxd5 $11) 27... Nc6 28. Qe3 {[#] And now Bb6 would win.} Nxd4 29. Qxd4 Bf8 $1 {[%cal Rf8c5] Hoping for ...Bc5.} 30. Kh1 {[%cal Rc3d5]} ({Don't capture} 30. Nxd5 $2 Bc5 31. b4 (31. Nf6+ $2 Kf8 32. Kh2 Bxd4 $19) 31... Bxd4+ $19) 30... Bc5 31. Qd3 Bb4 32. Rc2 {[%cal Rc3d5]} Bxc3 33. Qxc3 Qxc3 34. Rxc3 $11 {[%mdl 4096] Endgame KRR-KRR} f6 35. exf6 Kf7 36. Rc7+ Kxf6 37. Rxb7 Kf5 (37... d4 $11 {keeps the balance.}) 38. Kg1 Kxf4 39. Kf2 ({White should play} 39. Rxh7 $16 Re2 40. Rf7+ Kg5 41. Rd4) 39... h5 40. Rb6 Ke4 41. Rxg6 {Threatening Rh6.} d4 42. Rg3 Rc8 (42... Rf8+ $11 43. Rf3 h4) 43. Re1+ $14 Kf5 44. Rf3+ Kg5 {Black wants to play ...Rc2+.} 45. Rxe8 Rxe8 $16 {KR-KR} 46. Rd3 Rc8 $2 {[%mdl 8192] [#]} (46... Rd8 $1 $14) 47. Rxd4 $18 Rc2+ 48. Kf3 Rxa2 49. Ra4 Rc2 50. Ra5+ ({Not} 50. Rxa6 Rc3+ 51. Kf2 Rxb3 $14) 50... Kg6 51. Rxa6+ Kg5 52. Re6 Kf5 53. Re3 h4 54. g4+ Kg6 $2 (54... hxg3 55. Kxg3 Rc1 56. Rf3+ Ke4) 55. Ke4 {White is clearly winning.} Kg5 56. Rf3 Kg6 57. Kd4 Rd2+ 58. Kc4 Rc2+ 59. Rc3 Rb2 60. b4 1-0

[Event "Polar Capital Jersey Festival"]
[Site "St. Helier"]
[Date "2017.04.03"]
[Round "3"]
[White "Abbas, Daniel"]
[Black "Hebden, Mark L"]
[Result "1-0"]
[WhiteElo "2285"]
[BlackElo "2494"]
[Annotator "TA"]
[PlyCount "125"]
[EventDate "2017.??.??"]
[EventCountry "JCI"]
[SourceTitle "playchess.com"]
[Source "ChessBase"]
[SourceQuality "1"]

{[%evp 25,125,38,38,30,50,41,36,36,40,36,42,50,58,49,88,89,92,81,112,71,93,89,95,92,90,95,93,79,104,99,106,103,164,164,146,155,161,164,367,331,357,350,317,290,294,320,303,305,289,286,305,282,321,336,513,481,574,573,538,537,456,198,477,415,731,555,1039,1047,1653,1572,1054,1779,3020,2614,29952,12810,5385,210,5277,3706,1634,69,67,67,75,69,116,111,89,-186,0,-185,0,0,391,377,377,351,29972,29973,29989,29990]} 1. e4 e5 2. Nf3 Nc6 3. Bb5 a6 4. Ba4 Nf6 5. O-O Be7 6. Re1 b5 7. Bb3 d6 8. c3 O-O 9. h3 Na5 10. Bc2 c5 11. d4 Qc7 12. Nbd2 Be6 13. d5 Bd7 14. b3 {C97: Closed Ruy Lopez: Chigorin Defence: 11 d4 Qc7, sidelines} Nb7 15. Nf1 c4 16. b4 {White is slightly better.} a5 17. Be3 $146 (17. a3 Ra6 18. N3h2 Rfa8 19. g4 Ne8 20. Ng3 g6 21. Kh1 Ng7 {1-0 (35) Lagno,K (2557)-Ernst,S (2606) Wijk aan Zee 2012}) 17... axb4 18. cxb4 Ra6 19. Ng3 Rfa8 20. a4 bxa4 21. Ra3 Ne8 22. Qa1 Qd8 23. Ne2 Nc7 24. Nc3 Nb5 25. Nxb5 Bxb5 26. Rc1 Qd7 27. Nd2 {[%cal Bf3d2,Bd2c4,Bc4a3,Ba3b5][%mdl 32]} Bd8 28. Bd1 {[%cal Bc2d1,Bd1g4,Bg4e6][%mdl 32]} f5 (28... Bb6 $16 {was necessary.}) 29. exf5 $1 $18 (29. Nxc4 $6 f4 $14) 29... Qxf5 30. Bg4 Qg6 (30... Qf7 $2 31. Be6 $18 (31. Nxc4 Qxd5 32. Nd2 Qf7 $14)) 31. Nxc4 Bg5 $2 (31... Kh8 32. Qb2 Qe4) 32. Bxg5 Qxg5 33. Be6+ Kh8 34. Rg3 Qe7 35. Na3 Be8 36. Rf3 $1 Bg6 37. Nb5 Rb6 38. Rc7 Qe8 39. Bd7 (39. Nxd6 Nxd6 40. Qxe5 Nf7 41. Rfxf7 (41. Rcxf7 Bxf7 42. Rxf7 Qg8 $16) 41... Bxf7 42. Rxf7 Qg8 $16) 39... Qd8 (39... Qg8 $142 40. Bc6 Rb8 41. Qxa4 Nd8) 40. Rfc3 Nc5 41. bxc5 Rxb5 42. cxd6 ({Less strong is} 42. Bxb5 Qxc7 43. Bc6 (43. Bxa4 dxc5 44. Qc1 Ra5 $16) 43... Rb8 $16) 42... Rbb8 43. Qc1 (43. Bc6 $142 Ra6 44. Bb7 Rxd6 45. Rc8 (45. Qxa4 Qf8 46. Rc8 Rd8 $18) 45... Rxb7 46. Qa3 Rb1+ 47. Kh2) 43... h5 $2 (43... Rb1 44. Qxb1 Bxb1) 44. Kh2 Kh7 (44... e4 $142 45. Kh1 Kh7) 45. Qe3 Ra6 46. Qxe5 Qf8 47. Bc6 a3 48. Rf3 Qg8 49. Rf6 {Qg5 would kill now.} a2 50. Qg5 (50. Rxg6 Kxg6 51. Bd7 Rf8 $18) 50... a1=Q 51. Qxg6+ Kh8 52. Rf5 Qh7 53. Rxh5 $2 ({White has to play} 53. Qf7 $18) 53... Qe5+ $1 $14 54. Rxe5 {Intending Rh5 and mate.} Qxg6 55. d7 {Strongly threatening Rc8+.} Qd6 56. Rc8+ {[%mdl 1024] White has strong compensation.} Kh7 57. Rce8 $2 {[%mdl 8192]} (57. f4 $16) 57... Rd8 $2 (57... Qf6 $1 $19 {[%cal Rf6f4] ...Qf4+ is the strong threat.} 58. Re3 (58. Rh5+ $2 Kg6 59. Re6 Kxh5 $19) 58... Ra1) 58. Bb5 $2 {[#]} (58. R8e6 $11 Qc7 59. f4) 58... Ra3 $2 (58... Rb6 $1 $19 {[%cal Rb6b5]} 59. Ba4 Rb2) 59. R8e6 $11 Qb8 $2 {[%mdl 8192]} (59... Qc5 $1 $11 {and Black is okay.} 60. Rh5+ Kg8 61. Re8+ Kf7 62. Rf5+ Kg6) 60. d6 $18 {Threatening mate with Rh5+.} g6 61. Re7+ Kh6 $2 {[#]} (61... Kh8 $18) 62. g4 $1 Rh8 63. Be2 1-0

[Event "Polar Capital Jersey Festival"]
[Site "St. Helier"]
[Date "2017.04.03"]
[Round "3"]
[White "House, Glenn L"]
[Black "Rudd, Jack"]
[Result "0-1"]
[WhiteElo "2211"]
[BlackElo "2177"]
[Annotator "TA"]
[PlyCount "120"]
[EventDate "2017.??.??"]
[EventCountry "JCI"]
[SourceTitle "playchess.com"]
[Source "ChessBase"]
[SourceQuality "1"]

{[%evp 19,120,-18,-28,-16,-16,-37,-37,-75,-82,-104,-100,-88,-105,-98,-102,-83,-63,-87,-74,-71,-79,-118,-109,-117,-118,-144,-39,-181,-169,-154,-110,-158,-122,-137,-71,-170,-163,-175,-164,-285,-291,-325,-241,-230,-241,-235,-242,-224,-233,-328,-328,-315,-341,-325,-327,-330,-335,-330,-320,-320,-313,-412,-407,-383,-316,-319,-317,-399,-363,-363,-363,-363,-363,-363,-363,-425,-264,-264,-264,-438,-438,-601,-548,-519,-527,-6148,-5435,-5704,-5804,-4792,-5059,-4627,-3618,-29971,-29972,-29976,-29977,-29980,-29981,-29981,-29982,-29982,-29983]} 1. g3 e5 2. Bg2 d5 3. d3 c5 4. Nf3 Nc6 5. O-O Be7 6. e4 d4 7. a4 {A08: King's Indian Attack} Bg4 {[%cal Bc8g4,Bg4h5,Bh5g6][%mdl 32]} (7... Nf6 8. Na3 O-O 9. Nc4 Qc7 {½-½ (9) Krstic,U (2457)-Doric,D (2495) Sentjur 2013}) 8. Na3 Nf6 {[%cal Bg8f6,Bf6d7,Bd7e5][%mdl 32]} 9. h3 Bh5 10. Nc4 Nd7 {LiveBook: 3 Games} 11. c3 O-O 12. g4 $146 (12. Qe1 Rb8 13. Bd2 b6 14. g4 Bg6 15. cxd4 cxd4 16. b4 b5 {0-1 (41) Koch,J-Llanos,G (2365) Buenos Aires 2000}) 12... Bg6 13. cxd4 cxd4 ({Of course not} 13... Nxd4 $6 14. Nfxe5 (14. Ncxe5 Bf6 15. Nxg6 hxg6 $14) 14... Nxe5 15. Nxe5 $14) 14. Nfxe5 Ncxe5 ({Resist} 14... Ndxe5 15. Nxe5 Nxe5 16. f4 $15) 15. Nxe5 Nxe5 16. f4 Nc6 {Threatens to win with ...f6.} 17. f5 Bd6 18. e5 Bxe5 19. fxg6 hxg6 20. Qb3 Rb8 21. Bd2 Qh4 $1 22. Rf3 {[#]} Bd6 (22... Bg3 $1 $17 {Strongly threatening ...Ne5.} 23. Rff1 Ne5) 23. Bf4 (23. Raf1 $15 Nd8 24. Qd5) 23... Bxf4 $19 24. Rxf4 Qe7 {White must now prevent ...Qe3+.} 25. Be4 Ne5 26. Raf1 Rbc8 ({Black should try} 26... b6 27. Bg2 Rbd8) 27. R4f2 (27. Qxb7 $17 {is a better defense.} Rc7 28. Qb5) 27... b6 28. Bg2 Qg5 29. Qd5 (29. Qd1 $142) 29... Qe3 30. Kh2 Rcd8 31. Qe4 {Now Re2 and White clings on.} Nxd3 32. Qxe3 dxe3 33. Re2 Rfe8 34. Rf3 {[#]} (34. Bc6 $142 Re6 35. Bb5) 34... Nxb2 $1 {[%mdl 512]} 35. Rfxe3 (35. Rxb2 e2) 35... Rxe3 36. Rxe3 Nxa4 {[%mdl 4096] Endgame KRB-KRN} 37. Re7 a5 {[%cal Ba7a5,Ba5a4][%mdl 32]} 38. Rb7 Kf8 39. Bc6 Rd4 40. Bxa4 Rxa4 41. Rxb6 {KR-KR} Rb4 42. Ra6 a4 43. Ra7 f6 {[%cal Bf7f6,Bf6g5][%mdl 32]} 44. g5 fxg5 45. Kg3 Kg8 46. Kf3 Kh7 47. Kg3 Kh6 48. Ra8 {[%cal Ra8h8] [#]} g4 $1 {[%mdl 512]} 49. hxg4 $2 (49. h4 {only move.} Kh7 50. Ra6) 49... Rb3+ (49... Kg5 $2 50. Ra5+ Kh6 51. Kh4 $19) 50. Kf4 {[%cal Ra8h8] [#]} g5+ $1 (50... Rb4+ $2 51. Kg3 $19) 51. Kf5 {[%cal Ra8h8]} Rf3+ 52. Ke5 Rf4 53. Ra6+ g6 54. Ra8 Rxg4 55. Rh8+ Kg7 56. Ra8 Rb4 {Black mates.} 57. Ra7+ Kh6 58. Ra8 g4 59. Kf6 Rf4+ 60. Ke5 Kg5 0-1

[Event "Polar Capital Jersey Festival"]
[Site "St. Helier"]
[Date "2017.04.03"]
[Round "3"]
[White "Klingher, Dominic"]
[Black "Andersen, Niels Erik"]
[Result "1/2-1/2"]
[WhiteElo "2116"]
[BlackElo "1900"]
[Annotator "TA"]
[PlyCount "82"]
[EventDate "2017.??.??"]
[EventCountry "JCI"]
[SourceTitle "playchess.com"]
[Source "ChessBase"]
[SourceQuality "1"]

{[%evp 20,82,-2,-9,14,13,33,29,32,39,62,16,25,16,16,10,37,36,35,0,1,0,0,0,16,8,9,17,16,0,0,-12,-12,-93,-83,-100,-64,-110,-91,-191,-116,-268,-245,-316,-307,-283,-276,-271,-173,-285,-272,-430,-420,-405,-401,-284,-142,-310,-139,-237,0,-308,-304,-387,-336]} 1. e4 c5 2. Nc3 Nc6 3. g3 g6 4. d3 Bg7 5. Bg2 e6 6. Nge2 Nge7 7. Be3 d6 8. Qd2 Nd4 9. O-O O-O 10. Nd1 Nxe2+ 11. Qxe2 {LiveBook: 15 Games} Nc6 {B26: Closed Sicilian: 3 g3, lines with early Be3} (11... b6 12. h4 Bb7 13. h5 Qd7 14. Bg5 Rae8 15. c3 f6 16. Bd2 f5 17. Ne3 d5 18. Rad1 Qb5 19. a4 Qd7 {½-½ (39) Adams,M (2742)-Timman,J (2605) Wijk aan Zee 2002}) 12. Qd2 Bd7 13. Bh6 Bxh6 {White has an edge.} 14. Qxh6 Qf6 15. f4 $146 (15. Qd2 $5 {feels hotter.} h5 16. c3 Qh8 17. Ne3 b5 18. f4) (15. Qd2 b5 16. c3 {0-1 (46) Goelz,D (2181)-Meskovs,N (2372) Germany 2014}) 15... Qg7 16. Qxg7+ Kxg7 17. Ne3 Ne7 18. Nc4 d5 19. Nd6 Bc6 20. f5 exf5 21. exf5 {Strongly threatening f6+.} Nc8 (21... Ng8 $5 {with more complications.} 22. c4 Nf6 23. fxg6 hxg6 24. Rxf6 Kxf6 25. cxd5 Ke7) 22. Nxc8 Raxc8 23. f6+ Kh6 24. h4 g5 25. Rf5 gxh4 26. g4 (26. gxh4 $11 d4 27. Bxc6 Rxc6 28. Kh2) 26... Rfe8 27. Raf1 Re2 28. Rh5+ Kg6 29. Rxh4 (29. Rf2 $17 {was worth a try.} Rxf2 30. Kxf2) 29... d4 (29... Rxc2 $19 30. g5 Rh8 31. Rh6+ Kxg5) 30. Bh3 $2 (30. Rf2 $17 Rxf2 31. Kxf2) 30... Rce8 31. g5 R8e3 {( -> ...Rg3+)} ({Not} 31... Kxg5 32. Rg4+ Kh5 33. Rg7 $11 (33. Rf5+ Kh6 34. Rxc5 Rd2 35. Rh4+ Kg6 36. Bf5+ Kg5 $17)) ({Don't do} 31... Rxc2 32. Rh6+ Kxg5 33. Rxh7 $19) 32. Bf5+ Kxg5 {[%cal Re3g3]} 33. Rg4+ Kxf6 34. Bxh7+ (34. Bd7+ $142 Ke5 35. Bxc6 bxc6 36. Rg5+ Kd6 37. Rf2) 34... Ke7 $19 35. Rf2 (35. Rg7 $142 Rf3 36. Rxf3 Bxf3 37. Bg8) 35... Re1+ 36. Rf1 Rxf1+ 37. Kxf1 f6 (37... Rh3 $19 38. Be4 f5 $1 {[%mdl 512]} 39. Rg7+ Kf6) 38. Kf2 $2 (38. Rh4 $17) 38... Kd6 (38... Rh3 $19 39. Be4 {[#]} f5 $1 {[%mdl 512]} 40. Rg7+ Kf6) 39. Rf4 (39. Rh4 $17 {might work better.}) 39... Ke7 40. Rg4 $1 Rh3 41. Be4 Rh2+ {[%mdl 32768] An unexpected result.} 1/2-1/2

[Event "Polar Capital Jersey Festival"]
[Site "St. Helier"]
[Date "2017.04.03"]
[Round "3"]
[White "Belzo, Krzysztof"]
[Black "Speelman, Jon S"]
[Result "0-1"]
[WhiteElo "2059"]
[BlackElo "2511"]
[Annotator "TA"]
[PlyCount "78"]
[EventDate "2017.??.??"]
[EventCountry "JCI"]
[SourceTitle "playchess.com"]
[Source "ChessBase"]
[SourceQuality "1"]

{[%evp 19,78,-4,-1,-18,-6,-8,-6,-6,0,0,0,0,0,-7,0,-27,-22,-43,-17,-18,-16,-17,-17,-28,-8,-43,-43,-43,-73,-53,-51,-50,-50,-47,-69,-62,-62,-72,-70,-71,-71,-70,-25,-45,-35,-279,-208,-369,-364,-385,-339,-29980,-29981,-29981,-29982,-29982,-29983,-29984,-29985,-29985,-29986]} 1. c4 b6 2. Nc3 Bb7 3. d4 e6 4. Nf3 Nf6 5. g3 Bb4 6. Bg2 O-O 7. O-O Bxc3 8. bxc3 d6 9. Bg5 h6 10. Bxf6 Qxf6 11. Nd2 {E21: Nimzo-Indian: 4 Nf3} (11. Qd3 Re8 12. e4 e5 13. Nd2 Nc6 14. Nb3 Ba6 15. f4 Qe7 16. Rf2 Rad8 17. Raf1 f6 18. Rd1 Nb8 19. Nd2 {0-1 (43) Li,C (2757)-Fedoseev,V (2664) Karlsruhe 2016}) 11... Bxg2 12. Kxg2 e5 13. e3 {The position is equal.} Qe6 $146 (13... Qe7 14. Qf3 Nd7 15. Qc6 Rac8 16. e4 Nb8 17. Qb7 a5 18. f4 Qd7 19. fxe5 dxe5 {0-1 (53) Kujovic,M (2335)-Barwinski,D (2232) Presov 2001}) 14. Qf3 Nd7 15. Qc6 Rac8 16. a4 a5 17. Rae1 (17. e4 $5 {is more complex.} Nf6 18. f4 Rfe8 19. Rae1 Qe7 20. Qb5) 17... f5 18. Qd5 Qxd5+ (18... Rfe8 $5 {feels hotter.} 19. Qxe6+ Rxe6 20. h3 Nf6 21. f3 Rce8) 19. cxd5 Nf6 20. c4 Rce8 21. h3 Rf7 22. f4 exd4 23. exd4 Rfe7 24. Rxe7 Rxe7 $17 {[%mdl 4096] Endgame KRN-KRN} 25. Kf2 Ne4+ 26. Nxe4 Rxe4 $15 {KR-KR} 27. Rd1 Kf7 28. Rd3 g5 29. fxg5 hxg5 30. Rd1 f4 31. gxf4 Rxf4+ 32. Kg2 $2 (32. Ke3 $15) 32... Kg6 33. Rd3 $2 {[#]} (33. c5) 33... Kf5 $1 $19 34. Rf3 {White hopes to continue with Kg3.} Ke4 35. Rxf4+ $2 (35. Rg3 $19) 35... Kxf4 {Black mates.} (35... gxf4 36. h4 Ke3 37. Kf1 Kxd4 38. Ke1 $11) 36. Kf2 Ke4 37. Kg3 Kxd4 38. Kg4 Kxc4 39. Kxg5 b5 0-1

[Event "Polar Capital Jersey Festival"]
[Site "St. Helier"]
[Date "2017.04.03"]
[Round "3"]
[White "Resnjanskij, Denis"]
[Black "Hillarp Persson, Tiger"]
[Result "0-1"]
[WhiteElo "2042"]
[BlackElo "2503"]
[Annotator "TA"]
[PlyCount "58"]
[EventDate "2017.??.??"]
[EventCountry "JCI"]
[SourceTitle "playchess.com"]
[Source "ChessBase"]
[SourceQuality "1"]

{[%evp 17,58,32,26,-13,-2,-14,0,0,-29,-45,-52,-59,-58,-91,-109,-85,-93,-181,-177,-195,-172,-210,-191,-270,-270,-265,-269,-269,-252,-256,-250,-251,-280,-252,-210,-197,-189,-487,-471,-780,-770,-763,-749]} 1. d4 Nf6 2. c4 g6 3. f3 c5 4. d5 Bg7 5. Nc3 O-O 6. e4 d6 7. Bg5 h6 8. Be3 e6 9. Qd2 {E81: King's Indian: Sämisch: 6th move deviations (including 6 Be3 c6)} exd5 {LiveBook: 282 Games} 10. exd5 (10. cxd5 a6 11. a4 Nh7 12. a5 h5 13. Ra3 Nd7 14. Nh3 Rb8 15. Be2 b5 16. axb6 Qxb6 17. Ra2 Ne5 18. Nf2 a5 19. O-O Ba6 20. Bxa6 Qxa6 {½-½ (45) Ding,L (2760)-Nepomniachtchi,I (2749) Sharjah 2017}) 10... h5 11. O-O-O {The position is equal.} Re8 12. Bg5 a6 $146 (12... Qa5 13. Nge2 a6 14. Ng3 Nbd7 15. a3 Rb8 16. Nge4 Nxe4 17. Nxe4 {0-1 (32) Abolianin,A (2275)-Notkin,M (2485) Cappelle-la-Grande 1995}) 13. h3 Nbd7 14. g4 {Black should prevent gxh5.} Qa5 15. Kb1 {[#]} b5 $1 {[%mdl 512]} 16. Ne4 (16. cxb5 Bb7) 16... Qxd2 17. Nxf6+ (17. Nxd2 $17 Bb7 18. Rh2) 17... Bxf6 $19 {[%csl Gf6][%cal Rd2b2]} 18. Bxd2 bxc4 {Strongly threatening ...Rb8.} 19. Bxc4 Rb8 20. Bc1 (20. b3 $142) 20... Nb6 21. Bb3 a5 {[%cal Ba6a5,Ba5a4][%mdl 32]} 22. Rh2 Bd7 23. Bc2 a4 24. Re2 Nc4 25. Rxe8+ Bxe8 26. b3 axb3 $40 {[%mdl 128] Black goes for the king.} 27. Bxb3 $2 {[#]} (27. axb3 Ba4 28. Ka2) 27... Na5 {Black is clearly winning.} 28. Bd2 (28. Bb2 $142 Bxb2 29. Kxb2) 28... Nxb3 29. axb3 Rxb3+ 0-1

[Event "Polar Capital Jersey Festival"]
[Site "St. Helier"]
[Date "2017.04.03"]
[Round "4"]
[White "Speelman, Jon S"]
[Black "Merry, Alan B"]
[Result "1/2-1/2"]
[WhiteElo "2511"]
[BlackElo "2412"]
[Annotator "TA"]
[PlyCount "49"]
[EventDate "2017.??.??"]
[EventCountry "JCI"]
[SourceTitle "playchess.com"]
[Source "ChessBase"]
[SourceQuality "1"]

{[%evp 8,49,26,18,27,22,20,21,22,25,41,39,44,43,45,19,21,17,21,21,30,30,38,33,30,25,28,26,34,25,45,21,22,11,15,13,18,15,22,22,27,8,16,8]} 1. Nf3 d5 2. d4 Nf6 3. c4 c6 4. e3 a6 5. b3 Bg4 {[%cal Bc8g4,Bg4h5,Bh5g6][%mdl 32] D11: Slav Defence: 3 Nf3 sidelines and 3...Nf6 4 e3 Bg4} 6. Nbd2 e6 7. Bb2 Nbd7 8. Bd3 Be7 (8... Bd6 9. Qc2 Qb8 10. h3 Bh5 11. Nh4 Bg3 12. Ndf3 Bd6 13. g4 Bg6 14. Nxg6 hxg6 {1-0 (43) Carlsen,M (2864)-Karjakin,S (2782) Moscow 2013}) 9. Qc2 Bh5 10. O-O Bg6 11. e4 dxe4 12. Nxe4 Nxe4 13. Bxe4 O-O $146 (13... Nf6 14. Bxg6 hxg6 {1-0 (31) Calotescu,A (2268)-Bayrak,A (1949) Kishinev 2005}) 14. Rad1 Nf6 15. Bxg6 hxg6 16. Ne5 Qc7 17. Rd3 Rad8 18. Rfd1 c5 19. dxc5 Bxc5 20. h3 Rxd3 21. Qxd3 Be7 22. Qf3 Rd8 23. Rxd8+ Bxd8 24. Qd3 Be7 25. Kf1 1/2-1/2